Almancil - Monografia e Memórias (Registo nº 1143)

Detalhes MARC
000 -Etiqueta do registo
Cabeçalho 00671nam0a2200253 i 4500
005 - Identificador da versão
Campo de controlo 20240813121826.0
021 ## - Número do Depósito Legal
Código do país PT
Número 232 208/05
100 ## - Dados gerais de processamento
Dados gerais de processamento 20100712d m y0pory5003 ba
102 ## - Pais de publicação ou produção
País de publicação Portugal
101 0# - Língua de publicação
Língua do texto, banda sonora, etc. Português
Língua do documento no original Português
106 ## - Campo de dados codificados: material textual
Dados codificados do material textual r
105 ## - Campo de dados codificados: livros
Dados codificados dos livros a z 001yy
215 ## - Descrição física 
Indicação específica da natureza do documento e extensão da espécie 164 p
Outras indicações físicas il.
Dimensões cm
200 1# - Titulo e menção de responsabilidade
Título próprio Almancil - Monografia e Memórias
Primeira menção de responsabilidade Cristovão Guerreiro Norte
205 ## - Menção da edição
Menção da edição 1ed
210 ## - Publicação, Distribuição, etc. 
Lugar da edição, distribuição, etc. Loulé
Nome do editor, distribuidor, etc. Associção Empresarial de Almancil
Data da publicação, distribuição, etc. 2005
304 ## - Notas relativas a título e menção de responsabilidade 
Texto da nota Tít. orig.:
701 ## - Nome de autor-pessoa física (co-responsabilidade principal)
Palavra de ordem Moreno
Outra parte do nome não tomada para palavra de ordem Aníbal
Código de função Fotógrafo
700 #1 - Nome de autor-pessoa física (responsabilidade principal)
Número de registo de entrada de autoridade 0001566
Palavra de ordem Norte
Outra parte do nome não tomada para palavra de ordem Cristovão Guerreiro
942 ## - Elementos de entrada adicionados (Koha)
Tipo de item no Koha Livro
Exemplares
Situação do levantamento Origin of item (home branch) (coded) Biblioteca de empréstimo Código de barras Cota Circulation type (not for loan) Tipo de documento Nota do exemplar Damaged status
  Biblioteca Escolar Eng. Nuno Mergulhão Biblioteca Escolar Eng. Nuno Mergulhão BENM1157 9PT NOR   Livro Sem mensagem  
  Biblioteca Escolar Eng. Nuno Mergulhão Biblioteca Escolar Eng. Nuno Mergulhão BENM2785 9PT NOR   Livro Sem mensagem  
  Biblioteca Escolar Eng. Nuno Mergulhão Biblioteca Escolar Eng. Nuno Mergulhão BENM2084 9PT NOR   Livro Sem mensagem  
  Biblioteca Escolar Eng. Nuno Mergulhão Biblioteca Escolar Eng. Nuno Mergulhão BENM2085 9PT NOR   Livro Sem mensagem